00970cam a22003014a 45000010005000000030006000050050017000110080041000280100017000690200015000860200018001010400023001190420014001420500021001560820016001771000026001932450087002192600035003063000045003414400020003865050007004065200102004135210022005155210018005376500048005556500027006037000038006302023FISKH20231030150831.0020605s2003 nyua b 000 0 eng  a 2002008780 a0516228455 a9780516278292 aDLCcDLCdDLCbeng apccalcac00aTA725b.J66 200300a629.2252211 aJones, Melanie Davis.10aBig machines /cwritten by Melanie Davis Jones ; illustrated by Doreen Gay-Kassel. aNew York :bScholastic,c2003. a23 pages :bcolor illustrations ;c18 cm 2aA rookie reader aE  aA simple introduction to big machines--tractors, backhoes, pavers, and cranes--and how they work.8 a200 bLexile AD 8 aE bRaz-Plus  0aEarthmoving machineryvJuvenile literature. 1aEarthmoving machinery.1 aGay-Kassel, Doreen,eillustrator